| 000 | 00477nam a2200193 4500 | ||
|---|---|---|---|
| 001 | 33053 | ||
| 010 | _a9789898999368 | ||
| 021 |
_aPT _b469318/20 |
||
| 090 | _a33053 | ||
| 100 | _a20201123 frey50 | ||
| 101 | _apor | ||
| 102 | _aPT | ||
| 200 |
_aVoar depois de cair! _fIsabel Baía Marques |
||
| 205 | _a1ª. ed. | ||
| 210 |
_aS.L. _cAlma dos livros _d2020 |
||
| 215 |
_a229 p. _cil. _d21 cm |
||
| 700 |
_4070 _94656 _aMarques _bIsabel Baía |
||
| 801 |
_aPT _gRPC |
||
| 990 | _cLIVROS | ||